| 000 | 00820cab a2200241 4500 | ||
|---|---|---|---|
| 001 | ABS43309 | ||
| 008 | 090401t1990 xxu||||| |||| 00| 0 eng d | ||
| 035 | _a(Sirsi) u41298 | ||
| 041 | _aeng | ||
| 100 | _aBar-Hillel, Mira | ||
| 245 | _aCutting running costs is not a waste of energy | ||
| 260 | _c1990 | ||
| 350 | _a0 | ||
| 490 |
_aChartered Surveyor Weekly _v32(9) 6 September 1990, 28(1) |
||
| 520 | _aDescribes the new energy rating scheme launched by the National Energy Foundation , using computers to calculate energy efficiency of new and existing homes. Suggests ways in which ratings can be improved. | ||
| 650 | _aBRE | ||
| 650 | _aBREDEM | ||
| 650 | _aENERGY CONSERVATION | ||
| 650 | _aHOUSING | ||
| 690 | _aBUILDING AND CONSTRUCTION-ENERGY CONSERVATION | ||
| 942 | _n0 | ||
| 948 | _c04/03/1997 | ||
| 999 |
_c26541 _d26541 |
||